<?xml version="1.0" encoding="UTF-8"?>
<collection xmlns="http://www.loc.gov/MARC21/slim">
 <record>
  <leader>00637nam a2200193   4500</leader>
  <controlfield tag="001">000007862</controlfield>
  <controlfield tag="003">4032</controlfield>
  <controlfield tag="005">20150812140839.0</controlfield>
  <controlfield tag="008">111012s                               sd</controlfield>
  <datafield tag="245" ind1="0" ind2="0">
   <subfield code="a">Toán cao cấp đại số tuyến tính</subfield>
   <subfield code="c">Đỗ Công Khanh</subfield>
  </datafield>
  <datafield tag="774" ind1=" " ind2=" ">
   <subfield code="a">Đỗ Công Khanh</subfield>
   <subfield code="d">Đại học Quốc gia Tp.Hồ Chí Minh</subfield>
   <subfield code="d">Tp. Hồ Chí Minh</subfield>
   <subfield code="d">2002</subfield>
   <subfield code="g">Toán 2</subfield>
   <subfield code="h">251tr</subfield>
   <subfield code="t">Toán cao cấp đại số tuyến tính</subfield>
   <subfield code="w">4034</subfield>
  </datafield>
  <datafield tag="OWN" ind1=" " ind2=" ">
   <subfield code="a">LSP</subfield>
  </datafield>
  <datafield tag="999" ind1=" " ind2=" ">
   <subfield code="a">From the UDN01</subfield>
  </datafield>
  <datafield tag="TYP" ind1=" " ind2=" ">
   <subfield code="a">Monograph</subfield>
  </datafield>
  <datafield tag="TYP" ind1=" " ind2=" ">
   <subfield code="a">Printed language</subfield>
  </datafield>
  <datafield tag="980" ind1=" " ind2=" ">
   <subfield code="a">Mạng thư viện Đại học Đà Nẵng</subfield>
  </datafield>
 </record>
</collection>
